Antuco.

Bibliographic Details
Corporate Author: Instituto Geográfico Militar (Chile)
Format: Mapa
Language:Spanish
Published: Santiago, Chile Instituto Geográfico Militar 2006
Edition:3a. ed.
Subjects:

MARC

LEADER 00000cem a2200000 a 4500
001 038822
003 UAHC_CL
005 20170803124312.0
008 100902s2006 cl 000 spa
040 |a UAHC_CL  |c UAHC_CL  |d UAHC_CL 
245 1 0 |a Antuco. 
250 |a 3a. ed. 
255 |a Escala: 1:50.000 
260 |b Instituto Geográfico Militar  |c 2006  |a Santiago, Chile 
300 |a 1 mapa mural  |b col.  |c 55 x 44 cm sobre pliego 80 x 62 cm 
500 |a Escala: 1:50.000 
651 4 |a ANTUCO (CHILE)  |v MAPAS 
710 1 |a Instituto Geográfico Militar (Chile) 
900 |a R.912.8343 ANT 
942 |c MAP 
952 |0 0  |1 0  |4 0  |6 R__912_834300000000000_ANT  |7 0  |8 Mapoteca  |9 74234  |a BC  |b BC  |c Mapoteca  |d 2017-08-03  |l 0  |o R.912.8343 ANT  |p 1378818  |r 2019-12-09 00:00:00  |t 1  |w 2017-08-03  |y MAP 
952 |0 0  |1 0  |4 0  |6 R__912_834300000000000_ANT  |7 0  |8 Mapoteca  |9 74235  |a BC  |b BC  |c Mapoteca  |d 2017-08-03  |l 1  |m 3  |o R.912.8343 ANT  |p 1420300  |r 2019-12-09 00:00:00  |s 2018-04-27  |t 1  |w 2017-08-03  |y MAP 
999 |c 38822  |d 38822